[Event "IHEM 2000"]
[Site "Hamburg"]
[Date "2000.06.09"]
[Round "1.1"]
[White "Rogozenko, Dorin"]
[Black "Hegeler, Frank"]
[Result "1-0"]
[WhiteElo "2562"]
[BlackElo "2347"]
[PlyCount "51"]
[EventDate "2000.06.18"]

1. c4 c5 2. Nf3 Nf6 3. Nc3 Nc6 4. g3 g6 5. Bg2 Bg7 6. O-O O-O 7. d4 cxd4 8.
Nxd4 Ng4 9. e3 d6 10. Nde2 Qa5 11. Nd5 e6 12. Bd2 Qd8 13. Ndc3 Nf6 14. b3 Qd7
15. Bc1 Rd8 16. Ba3 d5 17. cxd5 Nxd5 18. Nxd5 Bxa1 19. Qxa1 exd5 20. Nf4 d4 21.
exd4 Qxd4 22. Bb2 Qd2 23. Bc3 Qd6 24. Nd5 h5 25. Bg7 Qa3 26. Bh6 1-0

[Event "IHEM 2000"]
[Site "Hamburg"]
[Date "2000.06.09"]
[Round "1.2"]
[White "Buhr, Carl Christian"]
[Black "Yemelin, Vasily"]
[Result "1/2-1/2"]
[WhiteElo "2335"]
[BlackElo "2540"]
[PlyCount "66"]
[EventDate "2000.06.18"]

1. d4 Nf6 2. Nf3 e6 3. c4 Bb4+ 4. Bd2 c5 5. g3 Qb6 6. a3 Bxd2+ 7. Qxd2 cxd4 8.
Qxd4 Qxd4 9. Nxd4 Nc6 10. Nf3 Ke7 11. Nbd2 d6 12. e3 h6 13. Be2 g5 14. O-O Bd7
15. Rfd1 g4 16. Nh4 a5 17. b3 Ne5 18. Bf1 Rhc8 19. a4 Rc6 20. f4 gxf3 21. Nhxf3
Nxf3+ 22. Nxf3 e5 23. Nd2 Rb6 24. Rdc1 Rb4 25. Bg2 Be6 26. e4 Nd7 27. Rc3 Nc5
28. Re1 Bd7 29. Bf3 Bc6 30. Bd1 Ne6 31. Nf3 Ng5 32. Nxg5 hxg5 33. Bg4 Rh8
1/2-1/2

[Event "IHEM 2000"]
[Site "Hamburg"]
[Date "2000.06.09"]
[Round "1.3"]
[White "Georgiev, Vladimir"]
[Black "Heyken, Enno"]
[Result "1-0"]
[WhiteElo "2538"]
[BlackElo "2331"]
[PlyCount "63"]
[EventDate "2000.06.18"]

1. d4 f5 2. c4 Nf6 3. Nc3 g6 4. g3 Bg7 5. Bg2 O-O 6. Nh3 d6 7. O-O Na6 8. d5 e5
9. dxe6 Qe7 10. Bg5 c6 11. e4 Bxe6 12. Re1 Qf7 13. Nf4 Nxe4 14. Bxe4 Bxc3 15.
Bd5 Bxd5 16. Re7 Bxb2 17. Rb1 Bf3 18. Qb3 Nc5 19. Qxb2 Ne4 20. Qxb7 Nxg5 21.
Rxf7 Nxf7 22. Ne6 Rfe8 23. Nc7 Rab8 24. Qxb8 Rxb8 25. Rxb8+ Kg7 26. Ne8+ Kh6
27. Rb7 Ne5 28. Nxd6 a5 29. Re7 Ng4 30. h3 Nf6 31. Nf7+ Kh5 32. Ne5 1-0

[Event "IHEM 2000"]
[Site "Hamburg"]
[Date "2000.06.09"]
[Round "1.5"]
[White "Gyimesi, Zoltan"]
[Black "Pajeken, Wolfgang"]
[Result "1-0"]
[WhiteElo "2518"]
[BlackElo "2313"]
[PlyCount "83"]
[EventDate "2000.06.18"]

1. d4 Nf6 2. c4 e6 3. Nf3 c5 4. d5 exd5 5. cxd5 d6 6. Nc3 g6 7. Nd2 Bg7 8. e4
O-O 9. Be2 Na6 10. O-O Ne8 11. Nc4 f5 12. Bf4 g5 13. Bd2 Nac7 14. a4 Qe7 15.
exf5 Bxf5 16. Be3 a6 17. Nb6 Rd8 18. Qd2 Bf6 19. Kh1 Na8 20. Nc4 Nac7 21. Rae1
Qg7 22. Nb6 Na8 23. Nxa8 Rxa8 24. Bd3 Qg6 25. Bxf5 Qxf5 26. f3 Be5 27. Bxg5 b5
28. g4 Qd7 29. f4 Bxc3 30. bxc3 bxa4 31. Re7 Qb5 32. Rfe1 Rf7 33. c4 Qxc4 34.
Rxe8+ Rxe8 35. Rxe8+ Rf8 36. Re1 a3 37. Bh6 Rb8 38. f5 Qxg4 39. Rg1 Qxg1+ 40.
Kxg1 Rb1+ 41. Kf2 Rb2 42. Kf3 1-0

[Event "IHEM 2000"]
[Site "Hamburg"]
[Date "2000.06.09"]
[Round "1.7"]
[White "Lanka, Zigurds"]
[Black "Berger, Steve"]
[Result "1/2-1/2"]
[WhiteElo "2503"]
[BlackElo "2286"]
[PlyCount "57"]
[EventDate "2000.06.18"]

1. e4 e6 2. d4 d5 3. Nc3 Nf6 4. Bg5 dxe4 5. Nxe4 Be7 6. Bxf6 gxf6 7. Bd3 f5 8.
Nc3 Bf6 9. Nf3 c5 10. dxc5 Qa5 11. Qd2 Qxc5 12. Rd1 Bd7 13. Ne2 Bc6 14. c3 Rg8
15. Kf1 Nd7 16. Ned4 Bxd4 17. cxd4 Qd6 18. Qe2 O-O-O 19. Bb5 Bd5 20. Bc4 Bxc4
21. Qxc4+ Kb8 22. g3 Rc8 23. Qb3 Nf6 24. Kg2 Rc7 25. Rc1 Rgc8 26. Rxc7 Rxc7 27.
Rd1 Qd5 28. Qxd5 Nxd5 29. Rd2 1/2-1/2

[Event "IHEM 2000"]
[Site "Hamburg"]
[Date "2000.06.09"]
[Round "1.8"]
[White "Trabert, Bettina"]
[Black "Rausis, Igors"]
[Result "1/2-1/2"]
[WhiteElo "2273"]
[BlackElo "2486"]
[PlyCount "52"]
[EventDate "2000.06.18"]

1. e4 c5 2. c3 Nf6 3. e5 Nd5 4. d4 cxd4 5. Nf3 e6 6. cxd4 b6 7. Bd3 Ba6 8. O-O
Bxd3 9. Qxd3 Be7 10. Nc3 Nxc3 11. bxc3 d5 12. exd6 Qxd6 13. Ba3 Qd8 14. Bxe7
Kxe7 15. Ne5 f6 16. Qe4 Qd5 17. Qg4 g6 18. c4 Qd6 19. Qh4 Nd7 20. Rfe1 g5 21.
Qh6 Rag8 22. Nxd7 Qxd7 23. Rad1 Kf7 24. Re3 Rg6 25. Qh5 Kg7 26. Qe2 Re8 1/2-1/2

[Event "IHEM 2000"]
[Site "Hamburg"]
[Date "2000.06.09"]
[Round "1.9"]
[White "Farago, Ivan"]
[Black "Schleicher, Guido"]
[Result "1-0"]
[WhiteElo "2467"]
[BlackElo "2250"]
[PlyCount "89"]
[EventDate "2000.06.18"]

1. d4 f5 2. Nf3 Nf6 3. g3 g6 4. Bg2 Bg7 5. O-O O-O 6. c4 d6 7. Nc3 Nc6 8. d5
Na5 9. Qa4 b6 10. Qc2 Nxc4 11. Nb5 a6 12. Nbd4 b5 13. Ng5 Re8 14. Nge6 Bxe6 15.
Nxe6 Qb8 16. b3 Nb6 17. Nxg7 Kxg7 18. Bb2 c5 19. dxc6 Qc7 20. a4 bxa4 21. Bd4
Rab8 22. bxa4 e5 23. Bxb6 Rxb6 24. Rfb1 Reb8 25. a5 Rxb1+ 26. Rxb1 Rxb1+ 27.
Qxb1 Qxa5 28. Qb7+ Kh6 29. c7 Qe1+ 30. Bf1 Ng4 31. Qb6 Qc3 32. h3 Nxf2 33. Kxf2
f4 34. gxf4 exf4 35. e3 Qc2+ 36. Be2 Qf5 37. e4 Qxh3 38. Bf3 Qh2+ 39. Kf1 Qc2
40. Qxd6 Qc1+ 41. Kg2 Qc2+ 42. Kh3 Qc1 43. Qf8+ Kg5 44. Qd8+ Kh6 45. c8=Q 1-0

[Event "IHEM 2000"]
[Site "Hamburg"]
[Date "2000.06.09"]
[Round "1.10"]
[White "Laqua, Christian"]
[Black "Kopylov, Mihail"]
[Result "0-1"]
[WhiteElo "2246"]
[BlackElo "2428"]
[PlyCount "108"]
[EventDate "2000.06.18"]

1. c4 f5 2. g3 Nf6 3. Bg2 g6 4. Nf3 Bg7 5. O-O O-O 6. Nc3 d6 7. d3 e5 8. Rb1
Nc6 9. b4 h6 10. b5 Ne7 11. c5 Be6 12. Bb2 g5 13. cxd6 cxd6 14. a4 f4 15. Ne4
Nf5 16. Qe1 fxg3 17. hxg3 Rc8 18. Rc1 Qb6 19. Nxf6+ Bxf6 20. e3 Rxc1 21. Qxc1
Rc8 22. Qb1 Qa5 23. d4 g4 24. Nh2 Qxa4 25. Bd5 Bxd5 26. Qxf5 Rf8 27. dxe5 Bg7
28. Qxg4 Qxg4 29. Nxg4 Bf3 30. Nf6+ Kf7 31. Rc1 dxe5 32. Nd7 Re8 33. Rc7 Kg6
34. Kh2 h5 35. Nc5 Bf8 36. Nd3 Bd6 37. Rd7 Bb8 38. Ne1 Be2 39. Rxb7 h4 40. f3
Rd8 41. Bc3 Rc8 42. Bb2 e4 43. f4 Bd6 44. Rxa7 Bb4 45. Rg7+ Kh6 46. b6 Bxe1 47.
b7 hxg3+ 48. Kh3 Bf1+ 49. Kg4 g2 50. Kf5 Rf8+ 51. Kxe4 Rb8 52. f5 Rxb7 53. Rg6+
Kh5 54. Bd4 Bf2 {Zeit} 0-1

[Event "IHEM 2000"]
[Site "Hamburg"]
[Date "2000.06.09"]
[Round "1.11"]
[White "Loeffler, Stefan"]
[Black "Schuetze, Michael"]
[Result "1-0"]
[WhiteElo "2426"]
[BlackElo "2221"]
[PlyCount "88"]
[EventDate "2000.06.18"]

1. Nf3 f5 2. e4 fxe4 3. Ng5 Nf6 4. d3 d5 5. dxe4 h6 6. Nf3 dxe4 7. Qxd8+ Kxd8
8. Ne5 Be6 9. g3 Nbd7 10. Nxd7 Kxd7 11. Bg2 Re8 12. O-O a6 13. Nc3 Bf5 14. Re1
e5 15. Nxe4 Nxe4 16. Bxe4 Bxe4 17. Rxe4 Bd6 18. b4 Re6 19. Bd2 Rhe8 20. c4 c6
21. Rae1 Bc7 22. R1e3 Bb8 23. Bc3 Bc7 24. Kf1 Bb8 25. Ke2 Bc7 26. Rd3+ Kc8 27.
a4 Bb6 28. Rf3 R6e7 29. h4 Ba7 30. h5 Bb6 31. g4 Kd7 32. Rd3+ Kc8 33. c5 Bc7
34. Rde3 Kd7 35. f4 Rf7 36. Kf3 Kc8 37. Bxe5 Bxe5 38. Rxe5 Rxe5 39. Rxe5 Rd7
40. Re8+ Kc7 41. Ke4 Rf7 42. Ke5 Kd7 43. Rg8 Kc7 44. g5 hxg5 1-0

[Event "IHEM 2000"]
[Site "Hamburg"]
[Date "2000.06.09"]
[Round "1.12"]
[White "Engelbert, Christoph"]
[Black "Reeh, Oliver"]
[Result "1/2-1/2"]
[WhiteElo "2209"]
[BlackElo "2399"]
[PlyCount "48"]
[EventDate "2000.06.18"]

1. e4 g6 2. d4 Bg7 3. Nc3 d6 4. Nf3 Bg4 5. Be2 Nc6 6. Be3 Nf6 7. O-O O-O 8. Qd2
a6 9. h3 Bxf3 10. Bxf3 Re8 11. Rad1 e5 12. dxe5 Nxe5 13. Be2 Ned7 14. f3 b5 15.
Rfe1 Qb8 16. b3 Qb7 17. a4 b4 18. Nd5 a5 19. Bf1 Nxd5 20. Qxd5 Qxd5 21. Rxd5
Bc3 22. Red1 Nf6 23. R5d3 Kg7 24. Bd4 Bxd4+ 1/2-1/2

[Event "IHEM 2000"]
[Site "Hamburg"]
[Date "2000.06.09"]
[Round "1.13"]
[White "Breyther, Ruediger"]
[Black "Maahs, Erich"]
[Result "1-0"]
[WhiteElo "2365"]
[BlackElo "2195"]
[PlyCount "107"]
[EventDate "2000.06.18"]

1. e4 d5 2. exd5 Nf6 3. c4 e6 4. dxe6 Bxe6 5. Nf3 Nc6 6. d4 Bb4+ 7. Nc3 Ne4 8.
Bd2 Nxd2 9. Qxd2 Qe7 10. O-O-O O-O-O 11. a3 Bxc3 12. Qxc3 Bg4 13. d5 Bxf3 14.
gxf3 Ne5 15. Qe3 Kb8 16. f4 Ng6 17. Qxe7 Nxe7 18. Rg1 g6 19. Bh3 Rhe8 20. Rde1
Ng8 21. Re5 f6 22. Re6 f5 23. Rge1 Nf6 24. Rxe8 Rxe8 25. Rxe8+ Nxe8 26. Kd2 Nf6
27. Bg2 Kc8 28. Bf3 Kd7 29. Kd3 a5 30. Kd4 b6 31. b4 axb4 32. axb4 Ke7 33. c5
Nd7 34. Be2 bxc5+ 35. bxc5 Nf6 36. f3 Nd7 37. Bb5 Nf6 38. Ke5 Nh5 39. d6+ cxd6+
40. cxd6+ Kf8 41. Bc4 h6 42. Bg8 g5 43. fxg5 hxg5 44. Be6 f4 45. Bg4 Ng7 46.
Kf6 Ne8+ 47. Ke6 Ng7+ 48. Kd7 Ne8 49. h3 Nf6+ 50. Ke6 Kg7 51. d7 Nxd7 52. Kxd7
Kf6 53. Kd6 Kg6 54. Ke6 1-0

[Event "IHEM 2000"]
[Site "Hamburg"]
[Date "2000.06.09"]
[Round "1.14"]
[White "Langrock, Hannes"]
[Black "Hochgraefe, Markus"]
[Result "1/2-1/2"]
[WhiteElo "2171"]
[BlackElo "2365"]
[PlyCount "47"]
[EventDate "2000.06.18"]

1. e4 e6 2. b3 d5 3. Bb2 Nf6 4. e5 Nfd7 5. f4 c5 6. Nf3 Nc6 7. g3 Be7 8. Bg2 f5
9. h4 h6 10. h5 O-O 11. Na3 Qa5 12. c4 Nb4 13. Qe2 Nb6 14. O-O dxc4 15. Nxc4
Nxc4 16. bxc4 Bd7 17. d4 Bc6 18. Kh2 Rad8 19. Rfd1 Qa4 20. Rd2 Be4 21. Rad1 Bc2
22. Rc1 Be4 23. Rcd1 Bc2 24. Rc1 1/2-1/2

[Event "IHEM 2000"]
[Site "Hamburg"]
[Date "2000.06.09"]
[Round "1.15"]
[White "Reddmann, Hauke"]
[Black "Meier, David Geffrey"]
[Result "1-0"]
[WhiteElo "2356"]
[BlackElo "2079"]
[PlyCount "57"]
[EventDate "2000.06.18"]

1. d4 f5 2. h3 d6 3. Nc3 g6 4. e4 Nf6 5. exf5 Bxf5 6. Nf3 Bg7 7. Bc4 c6 8. Qe2
b5 9. Bb3 a5 10. a3 d5 11. O-O O-O 12. Re1 Ra7 13. Bf4 Kh8 14. Ng5 Na6 15. Rad1
h6 16. Ne6 Bxe6 17. Qxe6 Qd7 18. Bh2 g5 19. Qxd7 Rxd7 20. Re6 Rc8 21. Nxb5 cxb5
22. Rxa6 a4 23. Ba2 Nh5 24. c3 Nf4 25. Bb1 Rf8 26. Rb6 e5 27. dxe5 Bxe5 28.
Rxh6+ Kg7 29. Rh7+ 1-0

[Event "IHEM 2000"]
[Site "Hamburg"]
[Date "2000.06.09"]
[Round "1.16"]
[White "Becker, Norbert"]
[Black "Bach, Matthias"]
[Result "1/2-1/2"]
[WhiteElo "2170"]
[BlackElo "2352"]
[PlyCount "88"]
[EventDate "2000.06.18"]

1. e4 d6 2. d4 Nf6 3. Nd2 g6 4. Ngf3 Bg7 5. Bc4 O-O 6. Qe2 d5 7. exd5 Nxd5 8.
Nb3 c6 9. O-O Na6 10. Bxa6 bxa6 11. Ne5 Qb6 12. Bd2 Bf5 13. Ba5 Qb7 14. c4 Nf4
15. Qf3 Bxe5 16. dxe5 Nd3 17. Bc3 Rfd8 18. Na5 Qd7 19. Nxc6 Rdc8 20. Nd4 Nxe5
21. Qe2 Nc6 22. Nxc6 Rxc6 23. Rfd1 Qe6 24. Qd2 Rd6 25. Qh6 f6 26. Rxd6 Qxd6 27.
Qe3 e5 28. h3 Qc7 29. Rd1 Qxc4 30. Rd6 Rf8 31. Qxa7 Qxa2 32. Rxa6 Qb1+ 33. Kh2
Qe4 34. Ra4 Qd5 35. Rb4 Bd7 36. Rb7 Rf7 37. Rc7 Bc6 38. f3 Rxc7 39. Qxc7 Qd7
40. Qb8+ Kf7 41. Qh8 Ke6 42. Qg8+ Qf7 43. Qc8+ Qd7 44. Qg8+ Qf7 1/2-1/2

[Event "IHEM 2000"]
[Site "Hamburg"]
[Date "2000.06.10"]
[Round "2.1"]
[White "Farago, Ivan"]
[Black "Rogozenko, Dorin"]
[Result "1/2-1/2"]
[WhiteElo "2467"]
[BlackElo "2562"]
[PlyCount "38"]
[EventDate "2000.06.18"]

1. d4 d5 2. c4 c6 3. Nf3 Nf6 4. Nc3 a6 5. e3 b5 6. b3 Bg4 7. Be2 Nbd7 8. O-O e6
9. Bb2 Be7 10. Ne5 Bxe2 11. Nxe2 Nxe5 12. dxe5 Nd7 13. Nd4 Qb6 14. cxd5 cxd5
15. Rc1 O-O 16. Nf3 Qb7 17. Qd2 Rfc8 18. Rxc8+ Rxc8 19. Rc1 Rc7 1/2-1/2

[Event "IHEM 2000"]
[Site "Hamburg"]
[Date "2000.06.10"]
[Round "2.2"]
[White "Kopylov, Mihail"]
[Black "Georgiev, Vladimir"]
[Result "1/2-1/2"]
[WhiteElo "2428"]
[BlackElo "2538"]
[PlyCount "113"]
[EventDate "2000.06.18"]

1. d4 Nf6 2. c4 d6 3. Nf3 g6 4. g3 Bg7 5. Bg2 O-O 6. O-O c6 7. Nc3 Qa5 8. h3 e5
9. e4 Nbd7 10. Re1 exd4 11. Nxd4 Ne5 12. Bf1 Re8 13. Rb1 d5 14. b4 Qd8 15. cxd5
cxd5 16. Bg5 dxe4 17. Nxe4 Bf5 18. Nxf5 Qxd1 19. Nxf6+ Bxf6 20. Rexd1 Nf3+ 21.
Kh1 Nxg5 22. Nd6 Re7 23. Bg2 Rd8 24. h4 Red7 25. hxg5 Bxg5 26. Rd5 Rxd6 27.
Rxd6 Rxd6 28. Bxb7 Rd2 29. f4 Be7 30. a4 Rd4 31. b5 Rxa4 32. Rd1 h5 33. Rd7 Kf8
34. Bd5 f5 35. Rc7 Rd4 36. Rc8+ Kg7 37. Rc7 Rxd5 38. Rxe7+ Kh6 39. Rxa7 h4 40.
Kg2 hxg3 41. Kxg3 Rd3+ 42. Kf2 Kh5 43. Ra6 Rb3 44. Rb6 Kg4 45. Rxg6+ Kxf4 46.
Ra6 Rb2+ 47. Kf1 Rxb5 48. Ra3 Rb2 49. Rc3 Kg4 50. Ra3 Rb1+ 51. Kf2 f4 52. Rc3
Rh1 53. Kg2 Rd1 54. Rg3+ Kf5 55. Rg8 Rd2+ 56. Kf3 Rd3+ 57. Kf2 1/2-1/2

[Event "IHEM 2000"]
[Site "Hamburg"]
[Date "2000.06.10"]
[Round "2.3"]
[White "Loeffler, Stefan"]
[Black "Gyimesi, Zoltan"]
[Result "1/2-1/2"]
[WhiteElo "2426"]
[BlackElo "2518"]
[PlyCount "92"]
[EventDate "2000.06.18"]

1. d4 Nf6 2. Nf3 d5 3. c4 e6 4. Nc3 dxc4 5. e4 Bb4 6. Qc2 b5 7. a4 c6 8. Be2
Bb7 9. O-O a6 10. Bg5 h6 11. Bh4 Nbd7 12. e5 g5 13. Bg3 Nd5 14. Ne4 Be7 15. h3
Nf8 16. Nfd2 Nb4 17. Qc3 Nd5 18. Qf3 Nd7 19. b3 cxb3 20. Nxb3 O-O 21. Qh5 Kg7
22. Bd3 c5 23. dxc5 f5 24. exf6+ N5xf6 25. Nxf6 Rxf6 26. axb5 axb5 27. Qe2 Nxc5
28. Nxc5 Bxc5 29. Be5 Qd5 30. Qf3 Qxf3 31. gxf3 Kf7 32. Rac1 Bb6 33. Bxf6 Kxf6
34. Bxb5 Bxf3 35. Bc6 Ra3 36. Bxf3 Rxf3 37. Kg2 Rf5 38. Rc2 Rc5 39. Rxc5 Bxc5
40. Kf3 Kf5 41. Ra1 Bd4 42. Ra8 h5 43. Rf8+ Bf6 44. Rg8 Be7 45. Kg3 Bd6+ 46.
Kf3 Be7 1/2-1/2

[Event "IHEM 2000"]
[Site "Hamburg"]
[Date "2000.06.10"]
[Round "2.4"]
[White "Hector, Jonny"]
[Black "Breyther, Ruediger"]
[Result "1-0"]
[WhiteElo "2515"]
[BlackElo "2365"]
[PlyCount "93"]
[EventDate "2000.06.18"]

1. e4 c5 2. Nf3 e6 3. d4 cxd4 4. Nxd4 Nf6 5. Nc3 d6 6. g4 h6 7. h4 Nc6 8. Rg1
Nd7 9. Be3 g5 10. Qd2 Nde5 11. O-O-O Rg8 12. Be2 Nxd4 13. Bxd4 Nc6 14. hxg5
hxg5 15. Be3 a6 16. Rh1 Bd7 17. Na4 b5 18. Nb6 Rb8 19. Nxd7 Kxd7 20. Rh7 Ke8
21. f4 Qa5 22. Qxa5 Nxa5 23. fxg5 Nc6 24. Rf1 Ne5 25. Bf4 Rb7 26. Kb1 Bg7 27.
g6 fxg6 28. Bxe5 dxe5 29. a4 Rh8 30. Rxh8+ Bxh8 31. axb5 axb5 32. Ka2 Bg7 33.
Kb3 b4 34. Ra1 Bf8 35. Ra6 Kf7 36. Bc4 Kf6 37. Rxe6+ Kg5 38. Rxe5+ Kxg4 39. Re8
Be7 40. Rg8 g5 41. Rg7 Rc7 42. Rf7 Kg3 43. Be2 Kh4 44. Bd1 Kg3 45. e5 Kh4 46.
e6 g4 47. Rg7 1-0

[Event "IHEM 2000"]
[Site "Hamburg"]
[Date "2000.06.10"]
[Round "2.6"]
[White "Mueller, Karsten"]
[Black "Trabert, Bettina"]
[Result "1-0"]
[WhiteElo "2527"]
[BlackElo "2273"]
[PlyCount "143"]
[EventDate "2000.06.18"]

1. d4 d5 2. c4 e6 3. Nc3 c6 4. e4 dxe4 5. Nxe4 Bb4+ 6. Bd2 Qxd4 7. Bxb4 Qxe4+
8. Be2 Nd7 9. Nf3 b6 10. Qd6 c5 11. Nd2 Qe5 12. Qxe5 Nxe5 13. Bc3 f6 14. Bxe5
fxe5 15. Bf3 Rb8 16. O-O-O Ne7 17. Rhe1 O-O 18. Rxe5 Nf5 19. Bg4 Rb7 20. Nf3
Rd7 21. Rde1 Rd6 22. Ng5 Rd4 23. Be2 Rd6 24. Bg4 Rd4 25. Be2 Rd6 26. f3 h6 27.
Ne4 Rdd8 28. Nc3 Nd4 29. Bd1 Ba6 30. b3 Bb7 31. Bc2 Rd6 32. Be4 Bxe4 33. R5xe4
a6 34. Ne2 Nxe2+ 35. R1xe2 Kf7 36. f4 Rfd8 37. Kc2 R8d7 38. g3 Kf6 39. Re5 Rd8
40. h4 R8d7 41. g4 Kf7 42. h5 Rd8 43. g5 hxg5 44. fxg5 Ke7 45. Rf5 Rh8 46. g6
Ke8 47. Rfe5 Ke7 48. Rf2 Rd7 49. Rg5 Ke8 50. Rh2 Kf8 51. Rg3 Ke8 52. Rf3 Kd8
53. Kc3 Ke8 54. Re2 Re7 55. Re5 Rf8 56. Rd3 Rf5 57. Ree3 Rxh5 58. Rd6 Rg5 59.
Rdxe6 Rxe6 60. Rxe6+ Kd7 61. Rxb6 a5 62. Rb7+ Ke6 63. Rxg7 Rg3+ 64. Kb2 a4 65.
Rc7 axb3 66. axb3 Kd6 67. Ra7 Rg2+ 68. Ka3 Kc6 69. Ra6+ Kb7 70. Rf6 Kc7 71. Ka4
Rg3 72. Kb5 1-0

[Event "IHEM 2000"]
[Site "Hamburg"]
[Date "2000.06.10"]
[Round "2.7"]
[White "Bach, Matthias"]
[Black "Lanka, Zigurds"]
[Result "1/2-1/2"]
[WhiteElo "2352"]
[BlackElo "2503"]
[PlyCount "30"]
[EventDate "2000.06.18"]

1. d4 Nf6 2. c4 g6 3. Nc3 Bg7 4. e4 d6 5. f4 O-O 6. Nf3 c5 7. d5 b5 8. cxb5 a6
9. a4 Bb7 10. b6 a5 11. Bb5 Nbd7 12. O-O Nxb6 13. f5 Nbd7 14. fxg6 hxg6 15. Qe1
Nh7 1/2-1/2

[Event "IHEM 2000"]
[Site "Hamburg"]
[Date "2000.06.10"]
[Round "2.8"]
[White "Rausis, Igors"]
[Black "Lindinger, Markus"]
[Result "1/2-1/2"]
[WhiteElo "2486"]
[BlackElo "2316"]
[PlyCount "104"]
[EventDate "2000.06.18"]

1. e4 e6 2. Qe2 c5 3. Nf3 Nc6 4. g3 g6 5. Bg2 Bg7 6. O-O d6 7. c3 Nge7 8. d4
cxd4 9. cxd4 Nxd4 10. Nxd4 Bxd4 11. Bh6 Ng8 12. Be3 Bxe3 13. Qxe3 Qb6 14. Qa3
Nf6 15. Nd2 O-O 16. Nc4 Qc5 17. Nxd6 Qxa3 18. bxa3 e5 19. f4 Be6 20. Nxb7 Rfc8
21. f5 gxf5 22. exf5 Bd5 23. Bxd5 Nxd5 24. Rfe1 f6 25. Rad1 Rc7 26. Rxd5 Rxb7
27. Red1 Rf8 28. R1d2 Kg7 29. Kg2 Rff7 30. g4 h5 31. h3 hxg4 32. hxg4 Rbc7 33.
Kg3 Rc3+ 34. Kh4 Rxa3 35. Rd7 e4 36. Rxf7+ Kxf7 37. Rd7+ Ke8 38. Rd4 Rxa2 {=}
39. Rxe4+ Kf7 40. Re6 Rh2+ 41. Kg3 Ra2 42. Rc6 Re2 43. Ra6 Re7 44. Kh4 Rb7 45.
Kh5 Kg7 46. Rc6 Rd7 47. Ra6 Rb7 48. g5 fxg5 49. Kxg5 Kf7 50. Rh6 Rb6 51. Rh7+
Kf8 52. Rxa7 Rc6 1/2-1/2

[Event "IHEM 2000"]
[Site "Hamburg"]
[Date "2000.06.10"]
[Round "2.9"]
[White "Reeh, Oliver"]
[Black "Langrock, Hannes"]
[Result "1-0"]
[WhiteElo "2399"]
[BlackElo "2171"]
[PlyCount "35"]
[EventDate "2000.06.18"]

1. e4 c5 2. Nf3 Nc6 3. d4 cxd4 4. Nxd4 Qc7 5. Nc3 e6 6. f4 a6 7. Nf3 b5 8. Bd3
d6 9. O-O Nf6 10. Qe1 b4 11. Nd1 Nd7 12. Kh1 Be7 13. Qg3 O-O 14. Ne3 Kh8 15. b3
Bf6 16. e5 dxe5 17. Qh3 g6 18. Ng4 1-0

[Event "IHEM 2000"]
[Site "Hamburg"]
[Date "2000.06.10"]
[Round "2.10"]
[White "Hochgraefe, Markus"]
[Black "Engelbert, Christoph"]
[Result "1-0"]
[WhiteElo "2365"]
[BlackElo "2209"]
[PlyCount "121"]
[EventDate "2000.06.18"]

1. c4 g6 2. e4 d6 3. d4 e5 4. Nf3 Nc6 5. Bg5 Be7 6. Be3 Bg4 7. d5 Bxf3 8. gxf3
Nb8 9. f4 exf4 10. Bxf4 Bg5 11. Qd4 Qf6 12. Qxf6 Bxf6 13. Nc3 Bxc3+ 14. bxc3
Nd7 15. Kd2 Ngf6 16. Re1 O-O 17. Bg5 Rfe8 18. Bg2 Nh5 19. Bf3 f6 20. Be3 Ng7
21. Bd4 b6 22. h4 Ne5 23. Be2 f5 24. f4 Nd7 25. h5 fxe4 26. hxg6 hxg6 27. Reg1
Kf7 28. Rh7 Nf6 29. Bxf6 Kxf6 30. Rh6 Kf7 31. Rgxg6 Rg8 32. Bg4 Rh8 33. Rf6+
Ke7 34. Ke3 Rxh6 35. Rxh6 a6 36. a4 Rb8 37. Kxe4 b5 38. axb5 axb5 39. cxb5 Rxb5
40. Rh8 Rc5 41. Kd4 Kf6 42. Rf8+ Ke7 43. Rc8 Kf6 44. c4 Nf5+ 45. Kd3 Ne7 46.
Rf8+ Kg7 47. Re8 Kf6 48. Bf3 Ra5 49. Be4 Ra3+ 50. Kd4 Rh3 51. Rf8+ Kg7 52. Rd8
Kf6 53. Rd7 Rh4 54. Ke3 Rh3+ 55. Kf2 Rc3 56. Rxc7 Ng6 57. Bxg6 Kxg6 58. Ke2 Kf5
59. Kd2 Rh3 60. Rd7 Rh6 61. Ke3 1-0

[Event "IHEM 2000"]
[Site "Hamburg"]
[Date "2000.06.10"]
[Round "2.11"]
[White "Berger, Steve"]
[Black "Buhr, Carl Christian"]
[Result "1-0"]
[WhiteElo "2286"]
[BlackElo "2335"]
[PlyCount "35"]
[EventDate "2000.06.18"]

1. e4 c5 2. Nf3 d6 3. d4 cxd4 4. Nxd4 Nf6 5. Nc3 a6 6. Bc4 e6 7. Bb3 b5 8. Bg5
Be7 9. Qf3 Qb6 10. O-O-O b4 11. Nf5 exf5 12. Bxf6 Bxf6 13. Nd5 Bg5+ 14. Kb1 Qd8
15. h4 Bxh4 16. exf5 Kf8 17. f6 Bg5 18. Ne7 1-0

[Event "IHEM 2000"]
[Site "Hamburg"]
[Date "2000.06.10"]
[Round "2.12"]
[White "Hegeler, Frank"]
[Black "Becker, Norbert"]
[Result "1/2-1/2"]
[WhiteElo "2347"]
[BlackElo "2170"]
[Annotator "Sander,R"]
[PlyCount "114"]
[EventDate "2000.06.18"]

1. d4 Nf6 2. c4 e6 3. Nf3 b6 4. g3 Bb7 5. Bg2 Be7 6. Nc3 d5 7. O-O O-O 8. Ne5
Nbd7 9. Qa4 Nxe5 10. dxe5 Ne4 11. cxd5 Nxc3 12. bxc3 exd5 13. c4 c6 14. Rd1 Bc5
15. cxd5 cxd5 16. Qb3 Qe7 17. Bxd5 Bxd5 18. Rxd5 Rad8 19. Bb2 Rxd5 20. Qxd5 Rd8
21. Qb3 h5 22. Rd1 Rxd1+ 23. Qxd1 h4 24. Qd5 h3 25. Qa8+ Kh7 26. Qc8 Qe6 27.
Qxe6 fxe6 28. Kf1 Kg6 29. e4 b5 30. Ke2 a5 31. a3 a4 32. Kf3 Kh5 33. Ke2 Kg4
34. f3+ Kh5 35. g4+ Kh4 36. Kf1 Be3 37. Bc3 Kg5 38. Bb4 Kf4 39. Ke2 Bg1 40.
Bd2+ Kxe5 41. Bc3+ Bd4 42. Bb4 g6 43. Bf8 Bg1 44. Bg7+ Kd6 45. f4 Bxh2 46. Be5+
Kd7 47. g5 Bg1 48. Kf3 Bc5 49. Bb2 b4 50. axb4 Bxb4 51. Kg3 Bd2 52. f5 exf5 53.
exf5 gxf5 54. g6 Ke6 55. Kxh3 Bg5 56. Kg3 Bf6 57. g7 Bxg7 1/2-1/2

[Event "IHEM 2000"]
[Site "Hamburg"]
[Date "2000.06.10"]
[Round "2.13"]
[White "Heyken, Enno"]
[Black "Laqua, Christian"]
[Result "1-0"]
[WhiteElo "2331"]
[BlackElo "2246"]
[PlyCount "55"]
[EventDate "2000.06.18"]

1. d4 d6 2. e4 g6 3. Nc3 Bg7 4. Be3 c6 5. Qd2 b5 6. a3 a6 7. g3 Nd7 8. Bg2 Bb7
9. Nge2 Qc7 10. O-O e6 11. Rad1 h6 12. h3 Ne7 13. Kh2 Nb6 14. b3 Nd7 15. Na2
Rd8 16. c4 bxc4 17. bxc4 Rb8 18. Rb1 Ba8 19. Nb4 Qa5 20. c5 d5 21. Bf4 Rd8 22.
Nxd5 Qxd2 23. Nc7+ Kf8 24. Bxd2 e5 25. d5 cxd5 26. exd5 Bxd5 27. Nxd5 Nxd5 28.
Ba5 1-0

[Event "IHEM 2000"]
[Site "Hamburg"]
[Date "2000.06.10"]
[Round "2.14"]
[White "Pajeken, Wolfgang"]
[Black "Schuetze, Michael"]
[Result "1-0"]
[WhiteElo "2313"]
[BlackElo "2221"]
[PlyCount "67"]
[EventDate "2000.06.18"]

1. d4 f5 2. Nc3 Nf6 3. Bg5 d5 4. Bxf6 exf6 5. e3 c6 6. Bd3 Bd6 7. Qf3 g6 8.
Nge2 Qe7 9. h3 Na6 10. a3 Bd7 11. g4 fxg4 12. hxg4 O-O-O 13. Bxa6 bxa6 14. e4
dxe4 15. Nxe4 f5 16. Nxd6+ Qxd6 17. gxf5 Bxf5 18. O-O-O h5 19. Qc3 Rhe8 20. Qc4
Kb7 21. Nc3 Be6 22. Qd3 Bf5 23. Qc4 Be6 24. Qa4 Qf4+ 25. Kb1 c5 26. Qa5 cxd4
27. Na4 Rd5 28. Nc5+ Ka8 29. Nxe6 Rxa5 30. Nxf4 Rf5 31. Rxd4 g5 32. Nd3 h4 33.
Rg4 Rh8 34. f4 1-0

[Event "IHEM 2000"]
[Site "Hamburg"]
[Date "2000.06.10"]
[Round "2.15"]
[White "Maahs, Erich"]
[Black "Voigt, Martin"]
[Result "0-1"]
[WhiteElo "2195"]
[BlackElo "2300"]
[PlyCount "84"]
[EventDate "2000.06.18"]

1. e4 e6 2. d4 d5 3. Nd2 Nf6 4. e5 Nfd7 5. Bd3 c5 6. c3 Nc6 7. Ne2 cxd4 8. cxd4
Qb6 9. Nf3 f6 10. exf6 Nxf6 11. O-O Bd6 12. b3 O-O 13. Bf4 Bxf4 14. Nxf4 Ne4
15. Ne2 Rxf3 16. gxf3 Ng5 17. Kg2 e5 18. Ng1 Nxd4 19. f4 exf4 20. Qh5 Nde6 21.
h4 f3+ 22. Kh1 Ne4 23. Nxf3 Bd7 24. Bxe4 dxe4 25. Ne5 Be8 26. Qg4 Nc5 27. Qg3
Qf6 28. f4 exf3 29. Rxf3 Bc6 30. Nxc6 Qxa1+ 31. Kg2 Qxa2+ 32. Rf2 Qxb3 33. Ne7+
Kh8 34. Qf4 Nd7 35. Qd6 Qa4 36. Rf4 Qc2+ 37. Kg3 Qc3+ 38. Kg4 Nf6+ 39. Kf5 Qa5+
40. Ke6 Qa2+ 41. Kf5 Rf8 42. Ke5 Qe2+ 0-1